000 01020cad a22002175a 4500
001 L154162
008 111020s2011 xxk 000 0 eng d
035 _a(Sirsi) u154162
041 0 _aeng
110 2 _aRoyal Institution of Chartered Surveyors
_bLibrary and Information Services
_94634
245 0 0 _aFAQ
_bwho produces authoritative reports on the UK commercial property market?
_h[electronic resource]
260 _c2011
490 0 _aRICS Library and Information Services FAQs
520 _aProvides links to the principal regular producers of free online UK commercial property market reports and also a link to the Library and Information Services's comprehensive list of sources.
590 _aKA
650 2 4 _aRICS LIBRARY AND INFORMATION SERVICES FAQS
651 4 _aUnited Kingdom
_y
690 _aPROPERTY-COMMERCIAL PROPERTY-COMMERCIAL PROPERTY MARKET
856 4 0 _uhttps://www.rics.org/site/scripts/faqs.aspx?categoryID=327&faqID=3730#a3730
_zView the FAQ free of charge at www.rics.org
942 _n0
999 _c83514
_d83514